000 07119nam a22006857a 4500
005 20120229150836.0
010 _aB-446208-248
020 _a8123727909
_c50.00
035 _aB-446208-248
037 _bBlue Berry/Ven
082 _a921
100 _aKowshik, Dinkar
_943553
245 _aNand Lal Bose /
_cby Dinkar Kowshik
260 _aNew Delhi
_bNational Book Trust
_c2001(repr.)
270 _aA-5, Green Park,
_bNewDelhi
_e110016
300 _a129p.
_b22cm(pbk)
942 _2ddc
_cEN
_mNAN
_h921
999 _c63632
_d63632